| 000 | 01289cad a22002055a 4500 | ||
|---|---|---|---|
| 001 | E141215 | ||
| 008 | 071105e20061009stk f s000 0 eng d | ||
| 020 | _a085538705X | ||
| 035 | _a(Sirsi) u141215 | ||
| 041 | 0 | _aeng | |
| 050 | 0 | 4 | _a634.92 $2 18 |
| 110 | 1 |
_aScotland _bScottish Executive _94769 |
|
| 245 | 0 | 4 |
_aThe Scottish forestry strategy _b2006 _h[electronic resource] |
| 260 |
_aEdinburgh _bForestry Commission Scotland _c2006 |
||
| 520 | _aThe Forestry Commission Scotland's (FCS) mission is to protect and expand Scotland's forests and woodlands and increase their value to society and the environment. The Strategy helps to realise the Scottish Executive's top priority of growing the economy in a sustainable way in order to raise everyone's quality of life. The Strategy's core principles are based on sustainable development and social inclusion, achieved through a culture of forestry for and with people and delivered in well managed forests and woodlands that integrate effectively with other land uses and businesses. | ||
| 651 | 4 |
_aScotland _y1999- |
|
| 690 | _aENVIRONMENTAL AND LAND CONSULTANCY-FORESTRY AND WOODLAND MANAGEMENT | ||
| 856 | 4 | 1 |
_uhttps://www.forestry.gov.uk/forestry/infd-6aggzw _zView the document free of charge at www.forestry.gov.uk... |
| 942 | _n0 | ||
| 999 |
_c107613 _d107613 |
||